[Event "UKR Championship Club's Teams"]
[Site "Alushta"]
[Date "2009.05.25"]
[Round "5.5"]
[White "Stoockalov, Vladimir"]
[Black "Shkuro, Iuri"]
[Result "1/2-1/2"]
[WhiteElo "2282"]
[BlackElo "2546"]
[PlyCount "48"]
[EventDate "2009.05.21"]

1. e4 Nc6 2. d4 d5 3. Nc3 Nf6 4. e5 Nd7 5. g3 Nb6 6. Bg2 Bf5 7. a3 Qd7 8. h3
O-O-O 9. Nge2 f6 10. g4 Bg6 11. exf6 gxf6 12. O-O e5 13. dxe5 fxe5 14. Bg5 Be7
15. Bxe7 Qxe7 16. Ng3 e4 17. f4 h5 18. g5 h4 19. Qg4+ Kb8 20. f5 Ne5 21. Qf4
Rdf8 22. Ncxe4 hxg3 23. Nf6 Be8 24. Rae1 24... Qc5+ $11 1/2-1/2

[Event "UKR Championship Club's Teams"]
[Site "Alushta"]
[Date "2009.05.26"]
[Round "6.1"]
[White "Tukhaev, Adam"]
[Black "Miroshnichenko, Evgenij"]
[Result "1/2-1/2"]
[WhiteElo "2517"]
[BlackElo "2680"]
[PlyCount "68"]
[EventDate "2009.05.21"]

1. e4 Nf6 2. e5 Nd5 3. d4 d6 4. Nf3 dxe5 5. Nxe5 c6 6. Be2 Bf5 7. O-O Nd7 8.
Nf3 e6 9. a3 Bd6 10. Re1 O-O 11. c4 N5f6 12. Nc3 Re8 13. h3 Qc7 14. Nh4 Ne4 15.
Nxe4 Bxe4 16. Bf1 Bg6 17. Nxg6 hxg6 18. b3 e5 19. dxe5 Bxe5 20. Ra2 Nc5 21. g3
a5 22. Be3 Rad8 23. Qb1 Bc3 24. Ree2 Ne6 25. b4 axb4 26. axb4 Qe7 27. b5 Qf6
28. bxc6 bxc6 29. Bg2 Nd4 30. Bxd4 Bxd4 31. Qb7 Rxe2 32. Rxe2 Rd6 33. Qb3 Re6
34. Qf3 34... Qxf3 $11 1/2-1/2

[Event "UKR Championship Club's Teams"]
[Site "Alushta"]
[Date "2009.05.26"]
[Round "6.1"]
[White "Odnorozhenko, Evgenyi"]
[Black "Nyzhnyk, Illya"]
[Result "1/2-1/2"]
[WhiteElo "2392"]
[BlackElo "2499"]
[PlyCount "25"]
[EventDate "2009.05.21"]

1. d4 Nf6 2. c4 e6 3. Nf3 Bb4+ 4. Nbd2 O-O 5. e3 d6 6. Bd3 Qe7 7. O-O Bxd2 8.
Nxd2 e5 9. b4 Bg4 10. Qb3 Nbd7 11. Bb2 b6 12. Ne4 Rad8 13. f3 $11 1/2-1/2

[Event "UKR Championship Club's Teams"]
[Site "Alushta"]
[Date "2009.05.26"]
[Round "6.2"]
[White "Matjushin, Gennady"]
[Black "Korobov, Anton"]
[Result "0-1"]
[WhiteElo "2500"]
[BlackElo "2616"]
[PlyCount "89"]
[EventDate "2009.05.21"]

1. Nf3 Nf6 2. c4 g6 3. Nc3 Bg7 4. g3 O-O 5. Bg2 d6 6. O-O Nc6 7. d4 a6 8. Qd3
Nd7 9. Be3 e5 10. Qd2 Re8 11. dxe5 Ndxe5 12. Nxe5 Nxe5 13. Bg5 f6 14. Bf4 $11
14... Rb8 15. Rad1 Qe7 16. b3 Be6 17. Bxe5 fxe5 18. Bd5 Kh8 19. Bxe6 Qxe6 20.
Ne4 Red8 21. Qd5 Qe8 22. Ng5 Rd7 23. Qe6 Qxe6 24. Nxe6 Re7 25. Ng5 e4 26. f3
exf3 27. exf3 b5 28. Ne4 bxc4 29. bxc4 Rb4 30. c5 Bd4+ 31. Kh1 d5 32. Ng5 c6
33. f4 Bc3 34. Rc1 Rc4 35. Nf3 Re2 36. f5 gxf5 37. Nh4 Bb2 38. Rxc4 dxc4 39.
Nxf5 Kg8 40. a4 a5 41. h3 c3 42. Nd4 Re4 43. Nc2 Rxa4 44. Kg2 Rc4 45. Kf3 0-1

[Event "UKR Championship Club's Teams"]
[Site "Alushta"]
[Date "2009.05.26"]
[Round "6.3"]
[White "Kononenko, Dmitry"]
[Black "Vovk, Andrey"]
[Result "1/2-1/2"]
[WhiteElo "2569"]
[BlackElo "2502"]
[PlyCount "43"]
[EventDate "2009.05.21"]

1. d4 Nf6 2. c4 g6 3. g3 Bg7 4. Bg2 O-O 5. Nc3 d6 6. Nf3 c5 7. dxc5 dxc5 8. O-O
Nc6 9. Be3 Ng4 10. Qxd8 Rxd8 11. Bxc5 Be6 12. Nd5 Bxd5 13. cxd5 Rxd5 14. Ba3
Rad8 15. Rac1 e6 16. e3 h6 17. Rc4 Nf6 18. Ne1 Rb5 19. Bxc6 bxc6 20. Nf3 Nd5
21. Rd1 Rc8 22. Nd4 $11 1/2-1/2

[Event "UKR Championship Club's Teams"]
[Site "Alushta"]
[Date "2009.05.26"]
[Round "6.5"]
[White "Shemeakin, Alexander"]
[Black "Pavlov, Maxim"]
[Result "1/2-1/2"]
[WhiteElo "2294"]
[BlackElo "2353"]
[PlyCount "24"]
[EventDate "2009.05.21"]

1. d4 d5 2. c4 c6 3. cxd5 cxd5 4. Nf3 Nf6 5. Nc3 Nc6 6. Bf4 a6 7. e3 Bg4 8. Be2
e6 9. O-O Be7 10. Ne5 Nxe5 11. Bxe5 Bxe2 12. Qxe2 12... O-O $11 1/2-1/2

[Event "UKR Championship Club's Teams"]
[Site "Alushta"]
[Date "2009.05.26"]
[Round "6.5"]
[White "Ledakov, Alexandr"]
[Black "Alexeev, Alexey"]
[Result "0-1"]
[WhiteElo "2074"]
[BlackElo "2268"]
[PlyCount "74"]
[EventDate "2009.05.21"]

1. d4 Nf6 2. c4 g6 3. Nc3 d5 4. Nf3 Bg7 5. Bg5 Ne4 6. cxd5 Nxg5 7. Nxg5 e6 8.
Nf3 exd5 9. e3 O-O 10. Bd3 Nc6 11. O-O Ne7 12. b4 c6 13. Qb3 Bg4 14. b5 Bxf3
15. gxf3 c5 16. dxc5 d4 17. Ne4 dxe3 18. fxe3 Bxa1 19. Rxa1 Nf5 20. Bc4 Qh4 21.
Qc3 $11 21... Rfd8 22. Qe5 Rac8 23. Rc1 Qh6 24. Nf6+ Kf8 25. Nd7+ Rxd7 26. Qh8+
Ke7 27. Qe5+ Kd8 28. Qh8+ Kc7 29. Qe5+ Nd6 30. b6+ Kb8 31. bxa7+ Ka8 32. cxd6
Qf8 33. Rc2 Qxd6 34. Qc3 Rdc7 35. Qb3 Qe7 36. Kg2 Rc5 37. a4 37... Qc7 {
white time zero} 0-1

[Event "UKR Championship Club's Teams"]
[Site "Alushta"]
[Date "2009.05.27"]
[Round "7.1"]
[White "Borovikov, Vladislav"]
[Black "Miroshnichenko, Evgenij"]
[Result "1/2-1/2"]
[WhiteElo "2584"]
[BlackElo "2680"]
[PlyCount "30"]
[EventDate "2009.05.21"]

1. d4 Nf6 2. Nf3 g6 3. c4 Bg7 4. g3 c6 5. Bg2 d5 6. b3 O-O 7. O-O Ne4 8. Bb2
Nd7 9. e3 a5 10. Nc3 Nxc3 11. Bxc3 Nc5 12. Nd2 Bf5 13. a3 Bd3 14. Re1 Ne4 15.
Bb2 15... Nf6 $11 1/2-1/2

[Event "UKR Championship Club's Teams"]
[Site "Alushta"]
[Date "2009.05.27"]
[Round "7.1"]
[White "Baklan, Vladimir"]
[Black "Kovchan, Alexander"]
[Result "1/2-1/2"]
[WhiteElo "2618"]
[BlackElo "2543"]
[PlyCount "44"]
[EventDate "2009.05.21"]

1. e4 c5 2. c3 d5 3. exd5 Qxd5 4. d4 Nf6 5. Nf3 Bg4 6. dxc5 Qxc5 7. h3 Bh5 8.
Be3 Qc7 9. Na3 a6 10. Nc4 Nbd7 11. g4 Bg6 12. g5 b5 13. gxf6 bxc4 14. Bxc4 Qxc4
15. Qxd7+ Kxd7 16. Ne5+ Ke6 17. Nxc4 Rc8 18. Nb6 Rc6 19. fxg7 Bxg7 20. O-O-O
Be4 21. Rhe1 f5 22. Nd5 22... Kf7 $11 1/2-1/2

[Event "UKR Championship Club's Teams"]
[Site "Alushta"]
[Date "2009.05.27"]
[Round "7.2"]
[White "Zubov, Alexander"]
[Black "Gasanov, Eldar"]
[Result "1/2-1/2"]
[WhiteElo "2585"]
[BlackElo "2551"]
[PlyCount "49"]
[EventDate "2009.05.21"]

1. d4 Nf6 2. c4 e6 3. Nf3 d5 4. Nc3 Nbd7 5. Bg5 Bb4 6. cxd5 exd5 7. Rc1 c5 8.
dxc5 Nxc5 9. Qd4 Bxc3+ 10. Qxc3 Nce4 11. Bxf6 Qxf6 12. Qxf6 Nxf6 13. Nd4 Bd7
14. e3 Ke7 15. Bd3 Rac8 16. Rxc8 Rxc8 17. Ke2 g6 18. f3 h5 19. h4 Kd6 20. Bc2
b6 21. Rd1 Ke7 22. Bb3 Rc5 23. Kf2 a5 24. a3 Ne8 25. Ba2 $11 1/2-1/2

[Event "UKR Championship Club's Teams"]
[Site "Alushta"]
[Date "2009.05.27"]
[Round "7.2"]
[White "Zubarev, Alexander"]
[Black "Sitnikov, Anton"]
[Result "1/2-1/2"]
[WhiteElo "2566"]
[BlackElo "2490"]
[PlyCount "99"]
[EventDate "2009.05.21"]

1. d4 d6 2. Nf3 g6 3. e4 Bg7 4. Nc3 Nd7 5. Bc4 Nh6 6. O-O e5 7. dxe5 dxe5 8. h3
c6 9. Be3 f6 10. Qd2 Nf7 11. Rfd1 Qe7 12. a4 a5 13. Ba2 Nc5 14. Qe2 O-O 15. Nd2
Kh8 16. Nc4 Ng5 17. Nd6 Na6 18. h4 Ne6 19. Qc4 Nac7 20. h5 gxh5 21. Ne2 h4 22.
c3 Ng5 23. Nf5 Bxf5 24. exf5 Rfd8 25. Bc5 Qe8 26. Qxh4 Nd5 27. Ng3 Bf8 28. Bxd5
Bxc5 29. Qh6 Qe7 30. Bb3 e4 31. Nh5 e3 32. Rxd8+ Rxd8 33. Nf4 exf2+ 34. Kf1 Rg8
35. Bxg8 Kxg8 36. Rd1 Nf7 37. Qh5 Qe4 38. Nd3 Be3 39. Qf3 Ng5 40. Qxe4 Nxe4 41.
Ke2 Ng3+ 42. Kxe3 f1=Q 43. Rxf1 Nxf1+ 44. Ke4 b6 45. c4 Nd2+ 46. Kd4 Nb3+ 47.
Kc3 Nc5 48. Kd4 Nb3+ 49. Kc3 Nc5 50. Kd4 $11 1/2-1/2

[Event "UKR Championship Club's Teams"]
[Site "Alushta"]
[Date "2009.05.27"]
[Round "7.4"]
[White "Dmitrenko, Viktor"]
[Black "Dovzik, Juri"]
[Result "1/2-1/2"]
[WhiteElo "2338"]
[BlackElo "2366"]
[PlyCount "29"]
[EventDate "2009.05.21"]

1. d4 Nf6 2. Nf3 e6 3. c4 b6 4. Nc3 Bb7 5. a3 d5 6. cxd5 Nxd5 7. Qc2 Be7 8. e4
Nxc3 9. bxc3 O-O 10. Bd3 Nd7 11. O-O c5 12. Qe2 Qc7 13. Bb2 Rfe8 14. Rad1 Bf8
15. Qe3 $11 1/2-1/2

[Event "UKR Championship Club's Teams"]
[Site "Alushta"]
[Date "2009.05.27"]
[Round "7.4"]
[White "Borsos, Bogdan"]
[Black "Pavlov, Maxim"]
[Result "1/2-1/2"]
[WhiteElo "2310"]
[BlackElo "2353"]
[PlyCount "26"]
[EventDate "2009.05.21"]

1. Nf3 g6 2. e4 Bg7 3. d4 c6 4. Nc3 d5 5. exd5 cxd5 6. Bf4 a6 7. h3 Nc6 8. Bd3
Nh6 9. O-O O-O 10. Qd2 Nf5 11. Bxf5 Bxf5 12. Bh6 Qd6 13. Rfe1 13... b5 $11
1/2-1/2

[Event "UKR Championship Club's Teams"]
[Site "Alushta"]
[Date "2009.05.27"]
[Round "7.5"]
[White "Romanchuk, Viktor"]
[Black "Stoockalov, Vladimir"]
[Result "1/2-1/2"]
[WhiteElo "2305"]
[BlackElo "2282"]
[PlyCount "57"]
[EventDate "2009.05.21"]

1. d4 Nf6 2. c4 g6 3. Nf3 Bg7 4. g3 O-O 5. Bg2 d6 6. Nc3 Nc6 7. O-O a6 8. h3
Rb8 9. e4 Nd7 10. Be3 e5 11. d5 Ne7 12. b4 h6 13. c5 f5 14. exf5 Nxf5 15. Qd2
Nf6 16. Rac1 Bd7 17. Qe2 17... Qe8 $11 18. Nd2 g5 19. Rfe1 Kh8 20. cxd6 cxd6
21. Bb6 Rc8 22. Nde4 Nxe4 23. Nxe4 Qg6 24. Rxc8 Rxc8 25. Qd2 Nd4 26. Bxd4 exd4
27. Rc1 Re8 28. Re1 Bf5 29. Qd3 1/2-1/2

[Event "UKR Championship Club's Teams"]
[Site "Alushta"]
[Date "2009.05.28"]
[Round "8.3"]
[White "Kononenko, Dmitry"]
[Black "Areshchenko, Alexander"]
[Result "1/2-1/2"]
[WhiteElo "2569"]
[BlackElo "2657"]
[PlyCount "37"]
[EventDate "2009.05.21"]

1. e4 c5 2. Nf3 d6 3. d4 cxd4 4. Nxd4 Nf6 5. Nc3 a6 6. Be3 e5 7. Nb3 Be6 8. Qd2
Nbd7 9. O-O-O Be7 10. f4 b5 11. f5 Bc4 12. Kb1 Rc8 13. Rg1 Nb6 14. g4 h6 15. h4
Bxf1 16. Bxb6 Qxb6 17. Rgxf1 b4 18. Nd5 Nxd5 19. Qxd5 $11 1/2-1/2

[Event "UKR Championship Club's Teams"]
[Site "Alushta"]
[Date "2009.05.28"]
[Round "8.4"]
[White "Stoockalov, Vladimir"]
[Black "Dmitrenko, Viktor"]
[Result "1/2-1/2"]
[WhiteElo "2282"]
[BlackElo "2338"]
[PlyCount "31"]
[EventDate "2009.05.21"]

1. e4 e6 2. d4 d5 3. e5 c5 4. c3 Nc6 5. Nf3 Qb6 6. a3 Bd7 7. b4 cxd4 8. cxd4
Rc8 9. Be3 Nh6 10. Nbd2 Nf5 11. Nb3 Be7 12. Bd3 Nxe3 13. fxe3 O-O 14. O-O f6
15. exf6 Bxf6 16. Nc5 $11 1/2-1/2

[Event "UKR Championship Club's Teams"]
[Site "Alushta"]
[Date "2009.05.28"]
[Round "8.5"]
[White "Jakimov, Vladimir"]
[Black "Shemeakin, Alexander"]
[Result "1/2-1/2"]
[WhiteElo "2453"]
[BlackElo "2294"]
[PlyCount "20"]
[EventDate "2009.05.21"]

1. e4 e6 2. d4 d5 3. exd5 exd5 4. Nc3 c6 5. Bf4 Bd6 6. Qd2 Ne7 7. Bd3 O-O 8.
Nge2 Bf5 9. Bxd6 Qxd6 10. Bxf5 $11 10... Nxf5 1/2-1/2

[Event "UKR Championship Club's Teams"]
[Site "Alushta"]
[Date "2009.05.28"]
[Round "8.5"]
[White "Savvopulo, Anatolij"]
[Black "Luzhinsky, Vitaly"]
[Result "1/2-1/2"]
[WhiteElo "2074"]
[BlackElo "2298"]
[PlyCount "64"]
[EventDate "2009.05.21"]

1. Nf3 c5 2. b3 Nf6 3. Bb2 e6 4. e3 b6 5. d4 Bb7 6. Nbd2 Be7 7. Be2 O-O 8. O-O
Nc6 9. Ne5 cxd4 10. Nxc6 Bxc6 11. Bxd4 Qc7 12. Bf3 Rfc8 13. c4 Qb7 14. Bb2 b5
15. Bxc6 Rxc6 16. Qf3 a5 17. Rac1 b4 18. Ne4 Ne8 19. Ng3 a4 20. Ne2 axb3 21.
axb3 Ra2 22. Rb1 Rb6 23. Qxb7 Rxb7 24. Nc1 Ra8 25. Nd3 Nc7 26. Ra1 Rab8 27.
Rfc1 f6 28. Kf1 Kf7 29. Ke2 g5 30. Ra4 Ke8 31. h3 d5 32. Ra5 32... dxc4 $11
1/2-1/2